000
00292nam a2200109Ia 4500
008
190216s9999||||xx |||||||||||||| ||und||
100
_a
Sherlekar S A
245
0
_a
Modern Business Organisation And Management
260
_b
Mcgraw-Hill International Edition
_c
1982
300
_a
942p
942
_c
BK
999
_c
5009
_d
5009